000 01024nam a2200205 a 4500
001 000040571
005 20201002034225.0
008 120501s1977 sp 001 0 spa d
040 _aDO-SdBNP
_bspa
_cBNPHU
110 1 _aArchivo General de Indias (Sevilla, España)
_964026
245 1 0 _aCedulario americano del siglo xviii :
_bcolección de disposiciones legales indianas desde 1680 a 1800, contenidas en los Cedularios del Archivo General de Indias. /
_pCédulas de Felipe V (1700-1724)
_cedición, estudio y comentarios por Antonio Muro Orejón.
260 _aSevilla :
_bEscuela de Estudios Hispano-Americanos de Sevilla,
_c1977.
300 _av. ;
_c27 cm.
490 1 _aPublicaciones de la Escuela de Estudios Hispano-Americanos de Sevilla ;
_v242
505 2 _gv. 3
_tCédulas de Luis I (1724)
_tCédulas de Felipe V (1724-46)
500 _aIncluye notas al pie de las páginas
500 _aIncluye índice
700 1 _aMuro Orejón, Antonio
_964027
830 0 _aEstudios Hispano-Americanos de Sevilla ;
_n242
_966899
999 _c40061
_d40061